000 00820cam a2200241 a 4500
020 _a0070053677
082 0 0 _a620.103
_bBEE
_cL-39, P-110
100 _aBeer,Ferdinand
_937594
245 0 0 _aVector mechanics for engineers statics.
_cFerdinand Beer ... [et al.].
250 _a7th ed.
260 _aNew York, London
_bMcGraw-Hill Companies,
_c2005.
300 _axviii, 599 p. :
_bcol. ill. ;
_c27 cm.
500 _aIncludes index. Vector mechanics for engineers static used as Text Book
526 _a0
_b0
_c0
_d620_103000000000000_BEE
526 _a0
_b0
_c0
_d620_103000000000000_BEE
650 0 _aDynamics.
_97202
650 0 _aMCE
_9379
650 0 _aMechanics, Applied.
_913090
650 0 _aStatics.
_91020
650 0 _aVector analysis.
_91184
700 1 _aBeer, Ferdinand Pierre,
_937595
942 _2ddc
_cBKB
999 _c553994
_d553994